Представление документа в формате RUSMARC

ПолеНазваниеЗначение
  Тип записи a
  Библиографический уровень a
001 Контрольный номер RU/CBS_UL/BASE/0672fdc2b5324c5c8c2274b645528761
005 Дата корректировки 20230210173054.6
100 Данные общей обработки __
a Данные общей обработки 20230210 ||| 0rusy0189 ca
101 Язык документа 0_
a Язык текста rus
102 Страна публикации __
a Страна публикации RU
200 Заглавие и сведения об ответственности 1_
a Заглавие Галантное чудовище
e Сведения, относящиеся к заглавию [аристократ и писатель маркиз де Сад]
f Первые сведения об ответственности С. Алдонин
300 Общие примечания __
a Общие примечания 16+
461 Уровень набора _0
1 2000
a Все загадки мира
463 Уровень физической единицы _0
1 2000
a № 2
v С. 8-9 : ил
1 2101
d 2023
1 001RU/CBS_UL/BASE/b4d3363adeed4f9490f19009f24f307b
600 Персоналии _1
a Персоналии (Фамилия) Сад
b Персоналии (Имя, инициалы) Д. А. Ф. де
606 Тематические рубрики 0_
a Основная рубрика Сад, Донасьен Альфонс Франсуа де (1740-1814)
610 Ключевые слова 0_
a Ключевые слова писатели
610 Ключевые слова 0_
a Ключевые слова французские писатели
610 Ключевые слова 0_
a Ключевые слова писатели французские
610 Ключевые слова 0_
a Ключевые слова аристократы
610 Ключевые слова 0_
a Ключевые слова французские аристократы
610 Ключевые слова 0_
a Ключевые слова аристократы французские
610 Ключевые слова 0_
a Ключевые слова авантюристы
610 Ключевые слова 0_
a Ключевые слова Великая французская революция
686 Индексы других классификаций __
a Классификационный индекс 83.3(4Фра)
2 Код системы ББК
700 Автор _1
a Фамилия Алдонин
b Имя (инициалы) С.
801 Источник записи _0
a Страна RU
b Организация МБУК ЦБС г. Ульяновска
c Дата составления 20230210
g Правила каталогизации RCR
801 Источник записи _1
a Страна RU
b Организация МБУК ЦБС г. Ульяновска
c Дата составления 20230210
g Правила каталогизации RCR
901 Тип документа __
t Тип документа b
w Контрольный № источника RU/CBS_UL/BASE/b4d3363adeed4f9490f19009f24f307b